Państwa z najniższym HDI, z wyjątkami - Statystyki

Ogólne statystyki
  • Ten quiz został rozwiązany 1 787 razy
  • Średni wynik to 16 z 24
Statystyki odpowiedzi
HDI Kraj % Poprawnych
0,478 Afganistan
83%
0,633 Indie
83%
0,544 Pakistan
81%
0,661 Bangladesz
79%
0,577 Syria
79%
0,455 Jemen
76%
0,607 Laos
75%
0,593 Kambodża
74%
0,535 Haiti
73%
0,602 Nepal
73%
0,585 Mjanma
72%
0,666 Bhutan
68%
0,675 Salwador
62%
0,621 Honduras
61%
0,558 Papua-Nowa Gwinea
60%
0,667 Nikaragua
59%
0,607 Timor Wschodni
59%
0,627 Gwatemala
55%
0,607 Vanuatu
55%
0,641 Tuvalu
54%
0,564 Wyspy Salomona
54%
0,624 Kiribati
53%
0,628 Mikronezja
53%
0,639 Wyspy Marshalla
53%
Nie znaleziono quizów pasujących do podanych kryteriów
Rozkład punktacji
Procent ludzi z każdym wynikiem
Percentyl według liczby udzielonych odpowiedzi
Twoja historia wyników
Nie rozwiązałeś tego quizu